| 000 | 00770nam a22002057a 4500 | ||
|---|---|---|---|
| 999 |
_c7163 _d7163 |
||
| 003 | AR-CdUCM | ||
| 008 | 190320b ||||| |||| 00| 0 spa d | ||
| 020 | _a84-7003-152-X | ||
| 040 |
_aMUNICIPALIDAD PROVINCIAL DEL CUSCO _cBIBLIOTECA MUNICIPAL DEL CUSCO |
||
| 082 |
_a636.9 / _bM74 |
||
| 100 |
_aMolinero Zapatero, Juan Martín _920197 |
||
| 245 |
_aConejos : _bAlojamiento y manejo / |
||
| 260 |
_aBarcelona : _bAEDOS, _c1976. |
||
| 300 |
_a273 páginas ; _bIlustraciones, _c20 cm. |
||
| 505 | _aInstalaciones para conejos -- Tipos de construcción -- Detalles de la construcción -- Las jaulas del conejar -- Utensilios y materiales auxiliares -- Manejo de conejos ... | ||
| 650 |
_aConejos _920198 |
||
| 650 |
_aCría _920199 |
||
| 942 |
_2ddc _cLIBROS |
||
| 945 | _aacv | ||